Visualização normal
Visualização MARC
Entrada Personal Name
Número de registros usados em: 1
001 - CONTROL NUMBER
- control field: 187
003 - CONTROL NUMBER IDENTIFIER
- control field: OSt
005 - DATE AND TIME OF LATEST TRANSACTION
- control field: 20250207090527.0
008 - FIXED-LENGTH DATA ELEMENTS
- fixed length control field: 250207|| aca||aabn | a|a d
040 ## - CATALOGING SOURCE
- Original cataloging agency: OSt
100 1# - HEADING--PERSONAL NAME
- Personal name: Marcovitch, Jacques
670 ## - SOURCE DATA FOUND
- Source citation: Sec. Marcovitch, Jacques. Cooperação internacional: estratégia e gestão, 1994.
- Information found: (Organizador)
675 ## - SOURCE DATA NOT FOUND
- Source citation: BN on-line (07-02-2025) LC on-line (07-02-2025)
